| 000 | 00415nam a22001337a 4500 | ||
|---|---|---|---|
| 040 | _cNUST | ||
| 082 | _a200 THE | ||
| 100 |
_aSADAF ASHRAF _9108210 |
||
| 110 |
_aDR MUHAMMAD YOUNUS JEVED _9108211 |
||
| 245 | _aTH-SOF-0876-FINGERPRINT MATCHING USING ZERNIKE MOMENTS ON CONCENTRIC CIRCLES AROUND CORE POINT | ||
| 260 |
_aISLAMABAD: _bNUST COLLEGE OF EME, _c2014. |
||
| 650 |
_aMS-CSE-10 _9108212 |
||
| 942 |
_2ddc _cTHE |
||
| 999 |
_c593071 _d593071 |
||